00686nam a2200181 a 450000100100000000500170001000800410002704000250006810000280009324500970012126000410021830000280025965000380028770000290032570000280035495201050038299900170048700003631320250527113226.0120113s1983 xxua 000 0 spa d aDO-SdBNPbspacBNPHU1 aFink, Stephen L.96246710aDesigning and managing organizations /cStephen L. Fink, R. Stephen Jenks, Robin D. Willits. aIllinois :bRichard D. Irwin,c1983. axviii, 648 p. ;c24 cm.20aAdministración industrial958721 aJenks, R. Stephen9624681 aWillts, Robin D.962469 001050718MOaGRbGRcCTd2012-01-13iLF1l0o p36314-10r2020-06-25w2020-06-25y1ZNo se presta c35804d35804